FUNDAMENTALS OF EXPERIMENTAL PHARMACOLOGY (Record no. 1232)

MARC details
000 -LEADER
fixed length control field 00358nam a2200145Ia 4500
008 - FIXED-LENGTH DATA ELEMENTS--GENERAL INFORMATION
fixed length control field 150201s2008 xx 000 0 und d
082 ## - DEWEY DECIMAL CLASSIFICATION NUMBER
Classification number 615
Item number F08G
100 ## - MAIN ENTRY--PERSONAL NAME
Personal name GHOSH, M.N.
245 ## - TITLE STATEMENT
Title FUNDAMENTALS OF EXPERIMENTAL PHARMACOLOGY
250 ## - EDITION STATEMENT
Edition statement TH
260 ## - PUBLICATION, DISTRIBUTION, ETC. (IMPRINT)
Name of publisher, distributor, etc. HILTON COMPANY
Place of publication, distribution, etc. KOLKATA
Date of publication, distribution, etc. 2008
300 ## - PHYSICAL DESCRIPTION
Extent 1-278
650 ## - SUBJECT ADDED ENTRY--TOPICAL TERM
Topical term or geographic name as entry element PHARMACOLOGY
942 ## - ADDED ENTRY ELEMENTS (KOHA)
Source of classification or shelving scheme Dewey Decimal Classification
Koha item type Books
Holdings
Withdrawn status Lost status Source of classification or shelving scheme Damaged status Not for loan Collection code Home library Current library Shelving location Date acquired Source of acquisition Cost, normal purchase price SGTU Bill Number Total Checkouts Full call number Barcode Date last seen Bill Date Koha item type Date last checked out
    Dewey Decimal Classification     MEDICAL SGT Medical Library SGT Medical Library Text Book 30/01/2011 UBS DELHI 300.00 SGTU 844   615 F08G FM4672 09/02/2015 13/10/2011 Books  
    Dewey Decimal Classification     MEDICAL SGT Medical Library SGT Medical Library Text Book 30/01/2011 UBS DELHI 300.00 SGTU 844 1 615 F08G FM4673 23/12/2019 13/10/2011 Books 19/12/2019
    Dewey Decimal Classification     MEDICAL SGT Medical Library SGT Medical Library Text Book 30/01/2011 UBS DELHI 300.00 SGTU 844   615 F08G FM4674 09/02/2015 13/10/2011 Books  
    Dewey Decimal Classification     MEDICAL SGT Medical Library SGT Medical Library Text Book 30/01/2011 UBS DELHI 300.00 SGTU 844   615 F08G FM4675 09/02/2015 13/10/2011 Books